| 000 | 00741nam a22002057a 4500 | ||
|---|---|---|---|
| 003 | OSt | ||
| 005 | 20260213090649.0 | ||
| 008 | 240817b ||||| |||| 00| 0 eng d | ||
| 040 | _c0 | ||
| 082 | _aDPer 364.05 J826 Summer-Fall 2020 v. 110 n. 3-4 | ||
| 100 |
_aWright, Ronald F. _eauthor. _958115 |
||
| 245 |
_aProsecutors and their state and local polities / _cRonald F. Wright. |
||
| 260 |
_aEvanston ; _bNorthwestern University Press , _cFall 2020. |
||
| 300 |
_aVolume 110, pages 823-858 ; _c26 cm. |
||
| 500 | _aThe Journal of Criminal Law & Criminology, vol. 110, no. 4, pages 823-858, Fall 2020. | ||
| 650 | 0 |
_aCriminal law. _913336 |
|
| 650 | 0 |
_aCourts. _944074 |
|
| 700 |
_aWright, Ronald F. _eauthor. _958116 |
||
| 942 |
_2ddc _cPER |
||
| 999 |
_c20583 _d20583 |
||